• 首页
  • 本馆介绍
  • 公告通知
  • 最新文献
  • 馆藏检索
  • 电子资源
  • 读者导购
  • 参考咨询
  • 我的图书馆
  • 登录
  • 详细信息显示
  • 放入我的书架
  • 预约/预借图书
  • 作者相关作品
  • 分类相关作品
  • 丛书相关作品
  • 出版社相关作品

书目信息

  • 表格格式
  • 工作单格式
  • 卡片格式
题名:
学习十四大报告辅导
    
 
作者: 王梦奎 编著
分册:  
出版信息: 北京   中共中央党校出版社  1992.10
页数: 282页
开本: 19cm
丛书名:
单 册:
中图分类: D229
科图分类: 33.12425
主题词: 中共十四大(1992)--文件--学习参考资料
电子资源:
ISBN: 7-5035-0660-1
000 00703nam0 2200229 45
001 0193011984
005 20070721161458.42
010    @a7-5035-0660-1@dCNY4.80
100    @a19800101d1992 em y0chiy0121 ea
101 0  @achi
102    @aCN@b110000
105    @ay z 000yy
200 10 @a学习十四大报告辅导@AXUE XI SHI SI DA BAO GAO FU DAO@f王梦奎等编著@FWANG MENG KUI DENG BIAN ZHU
210    @a北京@c中共中央党校出版社@d1992.10
215    @a282页@d19cm
540 1  @a十四大 报告@ASHI SI DA BAO GAO
606    @a中共十四大(1992)@x文件@x学习参考资料
690    @aD229@v三版
692    @a33.12425
701  0 @a王梦奎@AWANG MENG KUI@4编著
801  0 @aCN@bTSSF@c20070721
905    @a10447@dD229@e161
    
    学习十四大报告辅导/王梦奎等编著.-北京:中共中央党校出版社,1992.10
    282页;19cm
    
    
    ISBN 7-5035-0660-1:CNY4.80
    
●
相关链接 在E读中查询图书 在五车中查询图书 在当当中查询图书 在豆瓣中查询图书


正题名:学习十四大报告辅导     索取号:D229/161         预约/预借

序号 登录号 条形码 馆藏地/架位号 状态 备注
1 0769456   207694565   第一样本阅览室/ [索取号:D229/161] 在馆    
唐山师范学院图书馆 欢迎您!
大连网信软件有限公司© 版权所有